LIBRARY & INFORMATION CENTRE, KCAET, TAVANUR

ONLINE PUBLIC ACCESS CATALOGUE (OPAC)

Text book of plantation crops / (Record no. 20)

MARC details
000 -LEADER
fixed length control field 00568cam a2200229ua 4500
020 ## - INTERNATIONAL STANDARD BOOK NUMBER
ISBN 0-7069-2544-0
041 ## - LANGUAGE CODE
Language code of text/sound track or separate title eng
082 ## - DEWEY DECIMAL CLASSIFICATION NUMBER
Classification number 633.8
Item number PIL/TE
100 ## - MAIN ENTRY--AUTHOR NAME
Personal name Pillai , K M .
245 ## - TITLE STATEMENT
Title Text book of plantation crops /
250 ## - EDITION STATEMENT
Edition statement 1 /
260 ## - PUBLICATION, DISTRIBUTION, ETC. (IMPRINT)
Place of publication :
Name of publisher Vikas Publishing House Pvt. Ltd ,
Year of publication 1984.
300 ## - PHYSICAL DESCRIPTION
Number of Pages ; .
650 ## - SUBJECT ADDED ENTRY--TOPICAL TERM
Topical Term Plantation crops
650 ## - SUBJECT ADDED ENTRY--TOPICAL TERM
Topical Term Plantation Industry
942 ## - ADDED ENTRY ELEMENTS (KOHA)
Koha item type Books
003 - CONTROL NUMBER IDENTIFIER
control field @
003 - CONTROL NUMBER IDENTIFIER
control field OSt
Holdings
Withdrawn status Lost status Damaged status Home library Current library Date acquired Full call number Accession Number Koha item type
      KAUAET KAUAET 07/04/2012 633.8 15934 Books
free website counter